[Event "Baku Jafarov Memorial"]
[Site "Baku"]
[Date "2018.01.09"]
[Round "7"]
[White "Mahjoob, Morteza"]
[Black "Omidi, Arya"]
[Result "1/2-1/2"]
[WhiteElo "2340"]
[BlackElo "2398"]
[PlyCount "116"]
[EventDate "2018.01.04"]
[EventType "swiss"]
[EventRounds "9"]
[EventCountry "AZE"]
[SourceTitle "CBM 182 Extra"]
[Source "ChessBase"]
[SourceDate "2018.02.23"]
[SourceVersion "1"]
[SourceVersionDate "2018.02.23"]
[SourceQuality "1"]

1. d4 Nf6 2. Bg5 Ne4 3. Bf4 d5 4. e3 Nd7 5. Nf3 e6 6. h3 Bd6 7. Bxd6 Nxd6 8. Nbd2 0-0 9. c4 dxc4 10. Nxc4 b6 11. Rc1 Nxc4 12. Bxc4 Bb7 13. Bb5 c5 14. Qa4 Bxf3 15. gxf3 Nf6 16. dxc5 bxc5 17. Rxc5 Qd6 18. Qc4 a6 19. Ba4 Nd5 20. Qd4 Rab8 21. Bb3 Rb4 22. Rc4 Rxc4 23. Bxc4 Qb4+ 24. Ke2 Rb8 25. Rd1 Qxb2+ 26. Qxb2 Rxb2+ 27. Rd2 Rb6 28. Bxd5 exd5 29. Rxd5 Kf8 30. a4 Rh6 31. Ra5 Rxh3 32. Rxa6 g6 33. f4 Kg7 34. Rd6 Rh5 35. Rd1 Ra5 36. Ra1 Kf6 37. Kd3 Ke6 38. Kc4 Kd6 39. Kb4 Ra8 40. Rd1+ Kc6 41. Rc1+ Kb6 42. Rh1 h5 43. f5 Rd8 44. fxg6 fxg6 45. Rg1 Rd6 46. Kc4 Ka5 47. e4 Rf6 48. e5 Rxf2 49. Rxg6 h4 50. Rh6 Rh2 51. e6 h3 52. Kd3 Rh1 53. Rh5+ Kb6 54. Ke2 Kc7 55. e7 Kd7 56. Re5 Ke8 57. Kf2 Ra1 58. Kg3 Rxa4 1/2-1/2

[Event "Baku Jafarov Memorial"]
[Site "Baku"]
[Date "2018.01.08"]
[Round "6"]
[White "Mahjoob, Morteza"]
[Black "Bashirli, Nail Qoshqar"]
[Result "0-1"]
[WhiteElo "2340"]
[BlackElo "2391"]
[PlyCount "70"]
[EventDate "2018.01.04"]
[EventType "swiss"]
[EventRounds "9"]
[EventCountry "AZE"]
[SourceTitle "CBM 182 Extra"]
[Source "ChessBase"]
[SourceDate "2018.02.23"]
[SourceVersion "1"]
[SourceVersionDate "2018.02.23"]
[SourceQuality "1"]

1. Nf3 Nf6 2. c4 b6 3. g3 Bb7 4. Bg2 e6 5. 0-0 Be7 6. d4 0-0 7. d5 exd5 8. Nh4 c6 9. cxd5 Nxd5 10. Nf5 Nc7 11. e4 d5 12. Nc3 Bf6 13. exd5 Nxd5 14. Nxd5 cxd5 15. Bf4 Bxb2 16. Rb1 Bf6 17. Nd6 Bc6 18. Rc1 Qd7 19. Bf3 d4 20. Bg4 Qd8 21. h4 a5 22. Re1 Ra7 23. Qb3 a4 24. Qb1 Re7 25. Rxe7 Bxe7 26. Nc8 Bd7 27. Nxe7+ Qxe7 28. Bf3 b5 29. h5 h6 30. Qd3 Rd8 31. Bc7 Rc8 32. Bb7 Re8 33. Qxd4 Be6 34. Bd6 Qxb7 35. Be5 Bh3 0-1

[Event "Baku Jafarov Memorial"]
[Site "Baku"]
[Date "2018.01.05"]
[Round "2"]
[White "Mahjoob, Morteza"]
[Black "Suleymanli, Aydin Elshan"]
[Result "1-0"]
[WhiteElo "2340"]
[BlackElo "2259"]
[PlyCount "123"]
[EventDate "2018.01.04"]
[EventType "swiss"]
[EventRounds "9"]
[EventCountry "AZE"]
[SourceTitle "CBM 182 Extra"]
[Source "ChessBase"]
[SourceDate "2018.02.23"]
[SourceVersion "1"]
[SourceVersionDate "2018.02.23"]
[SourceQuality "1"]

1. Nf3 d5 2. d4 Nf6 3. c4 c6 4. Nc3 e6 5. g3 Bd6 6. Bg2 0-0 7. 0-0 Nbd7 8. b3 b6 9. Qd3 Bb7 10. Bb2 Qe7 11. e4 Nxe4 12. Nxe4 dxe4 13. Qxe4 Nf6 14. Qc2 h6 15. Rfe1 Ba3 16. Bxa3 Qxa3 17. Ne5 Rac8 18. c5 b5 19. h4 Rfd8 20. Rad1 Qa5 21. Re3 Nd7 22. Red3 Qc7 23. Qe2 Nf8 24. h5 Re8 25. Re3 Rcd8 26. Be4 Nd7 27. Bc2 Bc8 28. Qd3 f5 29. Qe2 Nf6 30. b4 Nd5 31. Rb3 Bd7 32. a3 Re7 33. Ng6 Rf7 34. Rf3 Rf6 35. Bb3 Be8 36. Bxd5 exd5 37. Nf4 Bf7 38. Re3 Rd7 39. Re1 Qd8 40. Re7 Kf8 41. Re5 Qc8 42. Qf3 Kg8 43. R1e3 Rc7 44. Qe2 Kf8 45. Ng6+ Rxg6 46. hxg6 Bxg6 47. Re6 Bf7 48. Re7 Qd8 49. Rxc7 Qxc7 50. Qf3 Qd7 51. Qf4 Kg8 52. Qd6 Qc8 53. Re7 a6 54. Rc7 Qe8 55. Qe7 Qxe7 56. Rxe7 Kf8 57. Ra7 Be8 58. Kg2 g5 59. Kf3 h5 60. Kg2 Bf7 61. Rc7 Be8 62. Kh3 1-0

[Event "Abu Dhabi op 24th"]
[Site "Abu Dhabi"]
[Date "2017.08.16"]
[Round "3"]
[White "Al Hosani, Omran"]
[Black "Mahjoob, Morteza"]
[Result "0-1"]
[WhiteElo "2012"]
[BlackElo "2354"]
[PlyCount "110"]
[EventDate "2017.08.14"]
[EventType "swiss"]
[EventRounds "9"]
[EventCountry "UAE"]
[SourceTitle "CBM 180 Extra"]
[Source "ChessBase"]
[SourceDate "2017.10.06"]
[SourceVersion "1"]
[SourceVersionDate "2017.10.06"]
[SourceQuality "1"]

1. d4 d6 2. e4 Nf6 3. Nc3 c6 4. Bf4 Qa5 5. Qd2 e5 6. Bg5 Be7 7. Nf3 0-0 8. Be2 b5 9. Bxf6 Bxf6 10. 0-0 exd4 11. Nxd4 b4 12. Nd1 Qe5 13. Nf3 Qxe4 14. Bd3 Qg4 15. Ne3 Qf4 16. Nd5 Qxd2 17. Nxf6+ gxf6 18. Nxd2 d5 19. Rfe1 Nd7 20. Re7 Rd8 21. Nf3 Nc5 22. Nd4 Bd7 23. Bf5 Kf8 24. Rxd7 Nxd7 25. Nxc6 Rdc8 26. Nxb4 Rcb8 27. Nxd5 Rxb2 28. Bxd7 Rd8 29. Ba4 Rxd5 30. Bb3 Rd4 31. Kf1 Ke7 32. Ke2 Kd6 33. Ke3 Kc5 34. Rc1 a5 35. a4 Rd7 36. h4 Kb4 37. Ke4 Rc7 38. Rd1 Rxb3 39. cxb3 Kxb3 40. Rd6 Rc4+ 41. Kd3 Rxa4 42. Rxf6 Rxh4 43. Rxf7 a4 44. Rb7+ Ka2 45. Kc3 a3 46. Ra7 Rh6 47. f4 Rc6+ 48. Kb4 Rb6+ 49. Kc3 Rb3+ 50. Kc4 Kb2 51. Re7 Rc3+ 52. Kd4 a2 53. Ra7 Ra3 54. Rb7+ Kc2 55. Rc7+ Kd2 0-1

[Event "Rasht Khazar op 13th"]
[Site "Rasht"]
[Date "2015.02.17"]
[Round "9"]
[White "Ghaem Maghami, Ehsan"]
[Black "Mahjoob, Morteza"]
[Result "1-0"]
[WhiteElo "2554"]
[BlackElo "2392"]
[PlyCount "89"]
[EventDate "2015.02.11"]
[EventType "swiss"]
[EventRounds "9"]
[EventCountry "IRI"]
[SourceTitle "EXT 2016"]
[Source "ChessBase"]
[SourceDate "2015.10.08"]
[SourceVersion "1"]
[SourceVersionDate "2015.10.08"]
[SourceQuality "1"]

1. d4 Nf6 2. c4 g6 3. Nc3 Bg7 4. e4 d6 5. Be2 0-0 6. Bg5 Nbd7 7. Qd2 c6 8. Nf3 d5 9. exd5 cxd5 10. h4 Ne4 11. Qe3 Nxg5 12. hxg5 Nb6 13. c5 Nc4 14. Bxc4 dxc4 15. Ne5 f6 16. Nxc4 fxg5 17. 0-0-0 g4 18. Ne5 Bf5 19. f3 Qc8 20. fxg4 Bxg4 21. Nd5 Qe6 22. Nc7 Qc8 23. Nxa8 Bxd1 24. Rxd1 e6 25. Nf3 Re8 26. Re1 Qxa8 27. d5 Qd8 28. dxe6 Qd5 29. Kb1 Bf8 30. Qd4 Qxd4 31. Nxd4 Bxc5 32. Nb5 Bb6 33. b4 Kg7 34. Nc3 Bc7 35. Nd5 Bd6 36. Kc2 h5 37. Kd3 h4 38. Re4 g5 39. Ke3 Kg6 40. Kf3 Kf5 41. e7 b5 42. a3 a6 43. Ne3+ Kf6 44. Kg4 Kf7 45. Nf5 1-0

[Event "Rasht Khazar op 13th"]
[Site "Rasht"]
[Date "2015.02.13"]
[Round "4"]
[White "Mahjoob, Morteza"]
[Black "Atanejhad, Sahebali"]
[Result "1-0"]
[WhiteElo "2392"]
[BlackElo "2180"]
[PlyCount "71"]
[EventDate "2015.02.11"]
[EventType "swiss"]
[EventRounds "9"]
[EventCountry "IRI"]
[SourceTitle "CBM 164 Extra"]
[Source "ChessBase"]
[SourceDate "2015.03.02"]
[SourceVersion "1"]
[SourceVersionDate "2015.03.02"]
[SourceQuality "1"]

1. d4 Nf6 2. c4 g6 3. Nc3 Bg7 4. g3 d6 5. Nf3 0-0 6. Bg2 c6 7. 0-0 Qa5 8. e4 e5 9. h3 Nbd7 10. Re1 exd4 11. Nxd4 Rd8 12. Be3 Ne5 13. Bf1 Be6 14. Nxe6 fxe6 15. f4 Nf7 16. Qb3 Nh5 17. g4 Bxc3 18. bxc3 Nf6 19. Bf2 g5 20. c5 gxf4 21. Qxe6 Qxc3 22. e5 Nd5 23. Rac1 Qb2 24. Rb1 Qc2 25. Rxb7 Rf8 26. cxd6 Rae8 27. Re7 Rxe7 28. dxe7 Re8 29. Qf5 Qc3 30. Bd3 Rxe7 31. Qxh7+ Kf8 32. Bg6 Nf6 33. exf6 Rxe1+ 34. Kh2 Qc4 35. Qg7+ Ke8 36. Qxf7+ 1-0

[Event "Rasht Khazar op 13th"]
[Site "Rasht"]
[Date "2015.02.11"]
[Round "1"]
[White "Sobhani, Farshid"]
[Black "Mahjoob, Morteza"]
[Result "0-1"]
[WhiteElo "2136"]
[BlackElo "2392"]
[PlyCount "162"]
[EventDate "2015.02.11"]
[EventType "swiss"]
[EventRounds "9"]
[EventCountry "IRI"]
[SourceTitle "CBM 164 Extra"]
[Source "ChessBase"]
[SourceDate "2015.03.02"]
[SourceVersion "1"]
[SourceVersionDate "2015.03.02"]
[SourceQuality "1"]

1. e4 c5 2. Nf3 d6 3. d4 cxd4 4. Qxd4 Nc6 5. Bb5 Bd7 6. Bxc6 bxc6 7. c4 e5 8. Qd3 Nf6 9. Nc3 h6 10. 0-0 Be7 11. c5 Bg4 12. cxd6 Qxd6 13. Qxd6 Bxd6 14. Nd2 Nd7 15. Nc4 Bc5 16. b3 Be6 17. Ne3 0-0 18. Nf5 g6 19. Ng3 h5 20. Na4 Be7 21. Bb2 Rfc8 22. Rfd1 c5 23. Nc3 c4 24. bxc4 Rxc4 25. Nd5 Bf8 26. f3 Bc5+ 27. Kh1 Rc8 28. Rac1 Bf8 29. Nf1 Rxc1 30. Rxc1 Rb8 31. Rc2 f6 32. Nfe3 Bc5 33. Nc4 h4 34. h3 Rb5 35. Kh2 Bxd5 36. exd5 Bf8 37. Rd2 Rc5 38. Ne3 Bh6 39. Rd3 Ra5 40. a3 Bxe3 41. Rxe3 Rxd5 42. Bc3 g5 43. g3 hxg3+ 44. Kxg3 Nb6 45. Be1 Rd1 46. Bf2 Nd5 47. Rb3 a5 48. Rb5 a4 49. Ra5 Nc3 50. Kg4 Rd3 51. Be1 Nd5 52. Rxa4 Kf7 53. Ra8 Ne3+ 54. Kg3 Nc2 55. Bb4 e4 56. Rc8 Rxf3+ 57. Kh2 Nxa3 58. Rc1 Rb3 59. Bd6 Nb5 60. Bg3 Rb2+ 61. Kg1 Nd4 62. Rc7+ Kg6 63. Bf2 Ne2+ 64. Kf1 Nf4 65. Bd4 Rb1+ 66. Kf2 Ne6 67. Rc4 Nxd4 68. Rxd4 Kf5 69. Rd6 Ke5 70. Ra6 f5 71. Ra2 Rb3 72. Kg2 Rd3 73. Rb2 f4 74. Rb5+ Rd5 75. Rb4 Kf5 76. Rb2 g4 77. hxg4+ Kxg4 78. Kf2 e3+ 79. Kf1 f3 80. Rb1 Kg3 81. Ke1 Rh5 0-1

[Event "Tehran Alborz op 1st"]
[Site "Tehran"]
[Date "2014.03.13"]
[Round "9"]
[White "Mahjoob, Morteza"]
[Black "Rasulov, Vugar Ural Oglu"]
[Result "0-1"]
[WhiteElo "2413"]
[BlackElo "2521"]
[PlyCount "68"]
[EventDate "2014.03.06"]
[EventType "swiss"]
[EventRounds "11"]
[EventCountry "IRI"]
[SourceTitle "CBM 159 Extra"]
[Source "ChessBase"]
[SourceDate "2014.04.24"]
[SourceVersion "1"]
[SourceVersionDate "2014.04.24"]
[SourceQuality "1"]

1. e4 c5 2. Nf3 d6 3. Bb5+ Nd7 4. 0-0 a6 5. Bd3 Ngf6 6. Re1 g6 7. b3 Bg7 8. Bb2 e5 9. a4 b6 10. c3 0-0 11. Bc2 Bb7 12. d4 exd4 13. cxd4 Re8 14. Nbd2 cxd4 15. Bxd4 Nc5 16. Qb1 Ne6 17. Bb2 Rc8 18. b4 Nf4 19. Ra3 Qc7 20. Qa1 Qxc2 21. Bxf6 Bh6 22. Ra2 Qc7 23. Qb1 Qd7 24. Nf1 Qe6 25. Ba1 f6 26. Ng3 Rc4 27. Rd2 Bxe4 28. Nxe4 Rxe4 29. Rxe4 Qxe4 30. Qb3+ d5 31. Rd1 Qc4 32. Qb2 Bg7 33. h3 Re2 34. Qa3 Rxf2 0-1

[Event "IRI-ch"]
[Site "Tabriz"]
[Date "2013.12.04"]
[Round "10"]
[White "Mahjoob, Morteza"]
[Black "Pourramezanali, Amirreza"]
[Result "1/2-1/2"]
[WhiteElo "2419"]
[BlackElo "2458"]
[PlyCount "108"]
[EventDate "2013.11.27"]
[EventType "swiss"]
[EventRounds "11"]
[EventCountry "IRI"]
[SourceTitle "CBM 157 Extra"]
[Source "ChessBase"]
[SourceDate "2013.12.19"]
[SourceVersion "1"]
[SourceVersionDate "2013.12.19"]
[SourceQuality "1"]

1. c4 Nf6 2. Nc3 e6 3. d4 d5 4. Bf4 dxc4 5. e3 Nd5 6. Bxc4 Nxf4 7. exf4 Bd6 8. g3 0-0 9. Nf3 c5 10. 0-0 cxd4 11. Qxd4 Qb6 12. Qxb6 axb6 13. Rfd1 Be7 14. Ne5 Nc6 15. Bb5 Bf6 16. Nc4 Bd8 17. Na4 e5 18. Naxb6 Bxb6 19. Nxb6 Ra5 20. Bxc6 bxc6 21. Nxc8 Rxc8 22. fxe5 Rxe5 23. Rd2 g6 24. Rc1 Ra8 25. b3 Ra6 26. Kf1 Kg7 27. Re1 Rea5 28. Ree2 h5 29. h4 Rc5 30. Rc2 Rf5 31. Rc3 Rfa5 32. Rcc2 Rf5 33. Ke1 Rd5 34. Red2 Rda5 35. Kd1 Kf8 36. Re2 Rd5+ 37. Kc1 Rda5 38. a4 Rd5 39. Rc3 Rf5 40. f4 Rf6 41. Kb2 Rd6 42. Ka3 Rd4 43. Re5 Rb6 44. Rec5 Rd6 45. a5 Ra6 46. Re3 Ra8 47. Kb4 Rd4+ 48. Rc4 Rd5 49. Re5 Rd6 50. Kc5 Rd3 51. b4 Ra6 52. Rc1 Rd8 53. Kc4 Rd6 54. f5 Ra7 1/2-1/2

[Event "IRI-ch"]
[Site "Tabriz"]
[Date "2013.12.03"]
[Round "9"]
[White "Mousavi, Seyed Khalil"]
[Black "Mahjoob, Morteza"]
[Result "1/2-1/2"]
[WhiteElo "2238"]
[BlackElo "2419"]
[PlyCount "85"]
[EventDate "2013.11.27"]
[EventType "swiss"]
[EventRounds "11"]
[EventCountry "IRI"]
[SourceTitle "CBM 157 Extra"]
[Source "ChessBase"]
[SourceDate "2013.12.19"]
[SourceVersion "1"]
[SourceVersionDate "2013.12.19"]
[SourceQuality "1"]

1. d4 Nf6 2. Nf3 d5 3. e3 e6 4. Bd3 c5 5. dxc5 Nbd7 6. b4 a5 7. c3 axb4 8. cxb4 b6 9. 0-0 bxc5 10. bxc5 Bxc5 11. Nbd2 Ba6 12. Bxa6 Rxa6 13. Qe2 Qa8 14. Bb2 0-0 15. Nb3 Bd6 16. Nfd4 Rc8 17. Rfc1 Rxc1+ 18. Nxc1 Ra4 19. Nb5 Bb8 20. Rb1 Rb4 21. a3 Rc4 22. Nd4 Qb7 23. g3 Ne4 24. Ncb3 Bc7 25. Nd2 Nxd2 26. Qxd2 Bd6 27. Qd1 Qa6 28. Kg2 g6 29. Nf3 Qa8 30. Rc1 Nb6 31. Qb3 Na4 32. Rb1 Nxb2 33. Qxb2 d4 34. exd4 Ra4 35. Qb7 Rxa3 36. Ng5 Be7 37. Nf3 Bf6 38. Ne5 Ra7 39. Qxa8+ Rxa8 40. Rb7 Bxe5 41. dxe5 Ra5 42. f4 Ra2+ 43. Kh3 1/2-1/2

[Event "IRI-ch"]
[Site "Tabriz"]
[Date "2013.11.28"]
[Round "3"]
[White "Sadeh, Shahin"]
[Black "Mahjoob, Morteza"]
[Result "0-1"]
[WhiteElo "2252"]
[BlackElo "2419"]
[PlyCount "72"]
[EventDate "2013.11.27"]
[EventType "swiss"]
[EventRounds "11"]
[EventCountry "IRI"]
[SourceTitle "CBM 157 Extra"]
[Source "ChessBase"]
[SourceDate "2013.12.19"]
[SourceVersion "1"]
[SourceVersionDate "2013.12.19"]
[SourceQuality "1"]

1. Nf3 Nf6 2. e3 g6 3. d4 Bg7 4. Bd3 d6 5. 0-0 Nbd7 6. e4 e5 7. c3 0-0 8. Na3 d5 9. dxe5 Nxe4 10. Bf4 Ndc5 11. Bc2 c6 12. Qc1 Re8 13. Rd1 Qe7 14. c4 Be6 15. cxd5 Bxd5 16. Qe3 f6 17. b4 fxe5 18. Bxe5 Bxe5 19. Nxe5 Qxe5 20. bxc5 Nc3 21. Qxe5 Rxe5 22. Rd3 Ne2+ 23. Kh1 Nf4 24. Rg3 Rd8 25. Rd1 Bxg2+ 26. Rxg2 Rxd1+ 27. Bxd1 Nxg2 28. Kxg2 Rxc5 29. Bb3+ Kf8 30. Nc2 Rc3 31. Nd4 a5 32. Ne6+ Ke7 33. Ng5 b5 34. Nxh7 Rxb3 35. axb3 a4 36. bxa4 bxa4 0-1

[Event "World Cities-ch GpE"]
[Site "Al Ain"]
[Date "2012.12.22"]
[Round "1.8"]
[White "Hamdouchi, Hicham"]
[Black "Mahjoob, Morteza"]
[Result "1/2-1/2"]
[WhiteElo "2610"]
[BlackElo "2426"]
[PlyCount "71"]
[EventDate "2012.12.22"]
[EventType "team-tourn"]
[EventRounds "3"]
[EventCountry "UAE"]
[SourceTitle "CBM 152"]
[Source "ChessBase"]
[SourceDate "2013.01.15"]
[SourceVersion "1"]
[SourceVersionDate "2013.01.15"]
[SourceQuality "1"]
[WhiteTeam "Paris"]
[BlackTeam "Tehran"]
[WhiteTeamCountry "FRA"]
[BlackTeamCountry "IRI"]

1. e4 c5 2. Nf3 Nc6 3. d4 cxd4 4. Nxd4 g6 5. Be2 Bg7 6. Nb3 Nf6 7. Nc3 0-0 8. 0-0 d6 9. Re1 Be6 10. Bg5 a5 11. a4 h6 12. Bh4 Rc8 13. Bb5 Nd7 14. f4 Nb4 15. Kh1 Bxb3 16. cxb3 Bxc3 17. bxc3 Rxc3 18. e5 d5 19. Qg4 Nc5 20. f5 Kh7 21. e6 Ne4 22. Rad1 Qc7 23. exf7 g5 24. Rxe4 dxe4 25. Bxg5 Qb6 26. Qxe4 Kg7 27. Qe5+ Kh7 28. f6 exf6 29. Bxf6 Kg6 30. Be7 Rxf7 31. Rd4 Kh7 32. Qe4+ Kg8 33. Qg6+ Rg7 34. Qe4 Rf7 35. Qg4+ Kh8 36. Qd1 1/2-1/2

[Event "Asia-chT 17th"]
[Site "Zaozhuang"]
[Date "2012.05.23"]
[Round "6.4"]
[White "Yu, Yangyi"]
[Black "Mahjoob, Morteza"]
[Result "1-0"]
[WhiteElo "2626"]
[BlackElo "2424"]
[PlyCount "95"]
[EventDate "2012.05.17"]
[EventType "team-swiss"]
[EventRounds "9"]
[EventCountry "CHN"]
[SourceTitle "CBM 148 Extra"]
[Source "ChessBase"]
[SourceDate "2012.06.22"]
[SourceVersion "1"]
[SourceVersionDate "2012.06.22"]
[SourceQuality "1"]
[WhiteTeam "China"]
[BlackTeam "Iran"]
[WhiteTeamCountry "CHN"]
[BlackTeamCountry "IRI"]

1. e4 c5 2. Nf3 Nc6 3. Bb5 d6 4. 0-0 Bd7 5. Re1 Nf6 6. c3 a6 7. Bf1 Bg4 8. d4 cxd4 9. cxd4 e5 10. d5 Nd4 11. Be3 Nxf3+ 12. gxf3 Bd7 13. Nd2 b5 14. a4 Be7 15. axb5 axb5 16. Qb3 0-0 17. Rec1 h6 18. Rxa8 Qxa8 19. Qa3 Qxa3 20. bxa3 Ra8 21. Rc3 Ne8 22. Rb3 Bg5 23. Bxb5 Bxb5 24. Rxb5 Bxe3 25. fxe3 Rxa3 26. Rb8 Kf8 27. Nc4 Ra6 28. f4 exf4 29. exf4 g5 30. e5 Ke7 31. Rb7+ Kf8 32. Rd7 dxe5 33. fxe5 Ra8 34. Kf2 Rc8 35. Ne3 Ng7 36. Kf3 h5 37. Ra7 Rb8 38. Ke4 Rb4+ 39. Kd3 Rb8 40. Nc4 Nf5 41. Ke4 Ne7 42. Rc7 g4 43. d6 Ng6 44. d7 Rd8 45. Nd6 h4 46. Nf5 Ne7 47. Nxh4 Kg7 48. Nf5+ 1-0

[Event "Asia Cities-ch 17th"]
[Site "Jakarta"]
[Date "2011.04.27"]
[Round "8.3"]
[White "Megaranto, Susanto"]
[Black "Mahjoob, Morteza"]
[Result "1/2-1/2"]
[WhiteElo "2533"]
[BlackElo "2487"]
[PlyCount "67"]
[EventDate "2011.04.22"]
[EventType "team-swiss"]
[EventRounds "9"]
[EventCountry "INA"]
[SourceTitle "CBM 142 Extra"]
[Source "ChessBase"]
[SourceDate "2011.06.27"]
[SourceVersion "1"]
[SourceVersionDate "2011.06.27"]
[SourceQuality "1"]
[WhiteTeam "Jakarta"]
[BlackTeam "Tehran"]
[WhiteTeamCountry "INA"]
[BlackTeamCountry "IRI"]

1. e4 c6 2. d4 d5 3. Nc3 dxe4 4. Nxe4 Bf5 5. Ng3 Bg6 6. h4 h6 7. Nf3 Nd7 8. h5 Bh7 9. Bd3 Bxd3 10. Qxd3 e6 11. Bd2 Ngf6 12. 0-0-0 Be7 13. Qe2 0-0 14. Ne5 Rc8 15. f4 c5 16. dxc5 Qc7 17. Kb1 Nxc5 18. c4 Rfd8 19. Be3 a6 20. Rxd8+ Rxd8 21. Rd1 Rxd1+ 22. Qxd1 Ncd7 23. Nxd7 Nxd7 24. Qe2 Nf6 25. b3 Bc5 26. Kb2 Qc6 27. Bxc5 Qxc5 28. Qd2 Qc7 29. Qd4 Qc6 30. Qd8+ Kh7 31. Qd3+ Kg8 32. Qd8+ Kh7 33. Qd3+ Kg8 34. Qd8+ 1/2-1/2

[Event "Asia Cities-ch 17th"]
[Site "Jakarta"]
[Date "2011.04.25"]
[Round "4.1"]
[White "Mahjoob, Morteza"]
[Black "Wan, Yunguo"]
[Result "1/2-1/2"]
[WhiteElo "2487"]
[BlackElo "2458"]
[PlyCount "78"]
[EventDate "2011.04.22"]
[EventType "team-swiss"]
[EventRounds "9"]
[EventCountry "INA"]
[SourceTitle "CBM 142 Extra"]
[Source "ChessBase"]
[SourceDate "2011.06.27"]
[SourceVersion "1"]
[SourceVersionDate "2011.06.27"]
[SourceQuality "1"]
[WhiteTeam "Tehran"]
[BlackTeam "Shi Jiazhuang"]
[WhiteTeamCountry "IRI"]
[BlackTeamCountry "CHN"]

1. e4 e6 2. d4 d5 3. Nc3 Bb4 4. e5 c5 5. a3 Bxc3+ 6. bxc3 Ne7 7. Qg4 0-0 8. Bd3 Nbc6 9. Nf3 f5 10. exf6 Rxf6 11. Bg5 e5 12. Bxh7+ Kxh7 13. Qh5+ Kg8 14. Bxf6 gxf6 15. dxe5 Qf8 16. 0-0 Bf5 17. Rfe1 Qg7 18. exf6 Qxf6 19. Nh4 Rf8 20. Nxf5 Qxf5 21. Qe2 Ng6 22. Qe6+ Kg7 23. Qxf5 Rxf5 24. Rab1 b6 25. Re8 Kf7 26. Rc8 Nge7 27. Ra8 Rf4 28. g3 Rf3 29. h4 Rxc3 30. h5 Rxc2 31. Kg2 Kg7 32. Re1 d4 33. Re6 d3 34. h6+ Kh7 35. Rf8 d2 36. Rf7+ Kg8 37. Ref6 Kh8 38. Rg7 Ng8 39. Rff7 Nxh6 1/2-1/2